Lettere a Sandro Penna, 1929-1940 /
I tiakina i:
| Kaituhi matua: | |
|---|---|
| Ētahi atu kaituhi: | |
| Hōputu: | Pukapuka |
| Reo: | Itāriana |
| I whakaputaina: |
Milano :
Archinto,
\1997!
|
| Rangatū: | Lettere
|
| Ngā marau: | |
| Ngā Tūtohu: |
Kāore He Tūtohu, Me noho koe te mea tuatahi ki te tūtohu i tēnei pūkete!
|
MARC
| LEADER | 00000nam a2200000 i 4500 | ||
|---|---|---|---|
| 001 | IT\ICCU\RAV\0295393 | ||
| 003 | ItRI | ||
| 005 | 20250813115735.0 | ||
| 008 | 970606s1997 it |||||| ||||| |||||c | ||
| 015 | |2 IT |a 97-11950 | ||
| 020 | |a 8877682108 | ||
| 040 | |b ita |c ct | ||
| 041 | 7 | |a ita |2 ISO-639-2 | |
| 082 | |a 851.912 |2 20 | ||
| 100 | 1 | |a Saba, Umberto |0 IT\ICCU\CFIV\005845 |4 aut | |
| 245 | 1 | 0 | |a Lettere a Sandro Penna, 1929-1940 / |c Umberto Saba ; a cura di Roberto Deidier. |
| 246 | 1 | 3 | |a Lettere a Sandro Penna. |
| 260 | |a Milano : |b Archinto, |c \1997! | ||
| 300 | |a X, 109 p. : |b 1 ritr. ; |c 20 cm | ||
| 500 | |a In appendice una scelta di lettere di vari | ||
| 500 | |a Segue: Penna tra Saba e Montale, di R. Deidier. | ||
| 500 | |a Tit. sul dorso | ||
| 650 | 7 | |a Saba, Umberto |x Lettere e carteggi | |
| 700 | 1 | |a Deidier, Roberto |0 IT\ICCU\BVEV\031427 | |
| 830 | 0 | |a Lettere |0 IT\ICCU\RAV\0052172 | |
| 942 | |2 ddc |c BK | ||
| 952 | |0 0 |1 0 |2 ddc |4 0 |7 0 |9 7101 |a MI |b MI |d 2009-09-21 |i 5685 |l 0 |p CDOM5685 |r 2025-07-13 16:28:30 |w 2025-07-13 |x ACQUISTO |y BK | ||
| 981 | 1 | |6 z01 |a i |b xxxe | |
| 982 | 1 | |6 z01 |a n | |
| 999 | |c 5804 |d 5804 | ||